| 000 | 00515nam a2200193Ia 4500 | ||
|---|---|---|---|
| 003 | OSt | ||
| 005 | 20230829121919.0 | ||
| 008 | 230107s9999||||xx |||||||||||||| ||und|| | ||
| 020 | _a0-07-250330-0 | ||
| 040 | _cChuka University Library | ||
| 050 |
_aHB 171.5 _b.F73 2004 |
||
| 100 |
_aFrank, Robert H. and Ben S. Bernanke _9124 |
||
| 245 | 0 | _aPrinciples of Economics | |
| 250 | _a2nd ed. | ||
| 260 |
_aBoston _bMc Graw hill _c2004 |
||
| 300 | _aVarious pagings | ||
| 650 |
_a1. Economics _912318 |
||
| 942 |
_cBK _2lcc |
||
| 999 |
_c9161 _d9161 |
||